| 000 | 00801cam a2200193 4500 | ||
|---|---|---|---|
| 001 | WB3807-28 | ||
| 008 | 020219n2002 000 0 eng u | ||
| 035 | _a(Sirsi) u116743 | ||
| 245 | _aSurveyors flock to faculties | ||
| 260 | _c2002 | ||
| 490 |
_aRICS Press Release _v(pr012) 12 February 2002, (2) |
||
| 520 | _aMore than 75% of RICS members have voluntarily joined a faculty, comfortably exceeding the 60% target set for August 2002. The 16 specialism based faculties make full use of the Internet to provide the services that their members demand. For RICS news release: http://www.rics.org/ricscms/bin/show?class=PressRelease&template=/includes/showpr.html&id=673 | ||
| 590 | _aWB | ||
| 650 | _aFACULTIES | ||
| 650 | _aINTERNET | ||
| 650 | _aRICS | ||
| 690 | _aRICS NEWS | ||
| 942 | _n0 | ||
| 999 |
_c69534 _d69534 |
||